SHAHIH MUSLIM vol (iv) (Record no. 65300)

000 -LEADER
fixed length control field 00184nam a22000977a 4500
082 ## - DEWEY DECIMAL CLASSIFICATION NUMBER
Classification number 297.2 MUS
100 ## - MAIN ENTRY--AUTHOR NAME
Personal name MUSLIM
245 ## - TITLE STATEMENT
Title SHAHIH MUSLIM vol (iv)
300 ## - PHYSICAL DESCRIPTION
Number of Pages 1631
942 ## - ADDED ENTRY ELEMENTS (KOHA)
Koha item type Books
Holdings
Withdrawn status Lost status Permanent Location Current Location Date acquired Full call number Accession Number Koha item type
    Central Library, QUEST, Nawabshah Central Library, QUEST, Nawabshah 2019-07-10 297.2 MUS r9533 Books

Copyright © 2018,The QUEST, Nawabshah, Shaheed Benazirabad. All rights reserved
Mr. G. Farooq Channar (Librarian) QUEST, Nawabshah, Sindh, Pakistan 67480.
 Ph#: |   0244-9370381-4 Ext. 2308   Email| lib@quest.edu.pk   Web|  http://www.quest.edu.pk